000 02472cam a22005174a 4500
001 muse74540
003 MdBmJHUP
005 20210127151312.0
006 m o d
007 cr||||||||nn|n
008 180919s2019 nyu o 00 0 eng d
010 _z 2018045106
020 _a9781501736070
020 _a1501736078
020 _z9781501736056
020 _z9781501736063
035 _a(OCoLC)1111388013
040 _aMdBmJHUP
_cMdBmJHUP
043 _ancgt---
050 0 4 _aF1435.3.P7
_bC67 2019
082 0 _a972.81
_223
100 1 _aCopeland, Nicholas,
_eauthor.
245 1 4 _aThe Democracy Development Machine
_bNeoliberalism, Radical Pessimism, and Authoritarian Populism in Mayan Guatemala /
_cNicholas Copeland.
264 1 _bCornell University Press,
264 3 _bProject MUSE,
300 _a1 online resource (xviii, 260 pages) :
_billustrations ;
504 _aIncludes bibliographical references (pages 233-248) and index.
505 0 _a"They committed no crime" : developing democratic memory -- "Nos falta capacidad" : training enterprising selves -- The capacity for democracy -- Radical pessimism : neoliberal democratic atmosphere -- Parties and projects : democratizing sovereign violence -- Cruel populism.
506 0 _aOpen Access
_fUnrestricted online access
_2star
520 _a"Examines how democracy and development operate alongside violence as a governing assemblage and how this 'machine' both articulated and derailed the struggles for empowerment of rural Mayas in Guatemala"--
_cProvided by publisher.
588 _aDescription based on print version record.
650 0 _aDemocracy
_zGuatemala.
650 0 _aMayas
_zGuatemala
_xGovernment relations.
650 0 _aMayas
_zGuatemala
_xPolitics and government.
651 0 _aGuatemala
_xEconomic conditions
_y1985-
651 0 _aGuatemala
_xPolitics and government
_y1985-
655 7 _aElectronic books.
_2local
776 1 8 _iOnline version:
_tDemocracy development machine
_dIthaca, New York : Cornell University Press, 2019
_z9781501736070
_w(DLC) 2018046018
710 2 _aProject Muse.
_edistributor
830 0 _aBook collections on Project MUSE.
856 4 0 _zFull text available:
_uhttps://muse.jhu.edu/book/65028/
999 _c25353
_d25353